[Event "TCh-POL Ekstraliga 2025"]
[Site "Chotowa POL"]
[Date "2025.06.06"]
[Round "5.4"]
[White "Kokoszczynski, Jan"]
[Black "Raczek, Krzysztof"]
[Result "1/2-1/2"]
[WhiteTitle "FM"]
[BlackTitle "IM"]
[WhiteElo "2307"]
[BlackElo "2453"]
[WhiteTeam "KS LAURA Chylice"]
[BlackTeam "KSz Polonia Wroclaw"]
[WhiteFideId "1174460"]
[BlackFideId "21005303"]
[EventDate "2025.06.02"]

1. e4 c6 2. Nf3 d5 3. d3 g6 4. e5 Bg7 5. d4 f6 6. Be2 Nh6 7. exf6 exf6 8. O-O
O-O 9. c4 Nf5 10. Nc3 Be6 11. b3 Nd6 12. c5 Ne4 13. Qc2 f5 14. Ne5 Nd7 15. f4
Nxe5 16. dxe5 Nxc5 17. Ba3 Qa5 18. Na4 Nxa4 19. Bxf8 Bxf8 20. bxa4 Qc5+ 21. Qxc5
Bxc5+ 22. Kh1 a5 23. h3 b6 24. g4 Be3 25. Rab1 Rb8 26. gxf5 Bxf5 27. Rb3 d4 28.
Bd3 c5 29. Bxf5 gxf5 30. Kg2 c4 31. Rxe3 dxe3 32. Rc1 Rd8 33. Rxc4 Rd2+ 34. Kf3
e2 35. Kf2 Rxa2 36. h4 h5 37. Ke1 Kf7 38. Rd4 Ke7 39. Kf2 e1=Q+ 40. Kxe1 Rh2 41.
Rc4 Rxh4 42. Kf2 Kd7 43. Rd4+ Ke7 44. Rc4 Ke6 45. Rd4 Ke7 1/2-1/2

[Event "TCh-POL Ekstraliga 2025"]
[Site "Chotowa POL"]
[Date "2025.06.06"]
[Round "5.5"]
[White "Sowinski, Pawel"]
[Black "Chylewski, Patryk"]
[Result "1/2-1/2"]
[WhiteTitle "IM"]
[BlackTitle "IM"]
[WhiteElo "2451"]
[BlackElo "2313"]
[WhiteTeam "KSz Polonia Wroclaw"]
[BlackTeam "KS LAURA Chylice"]
[WhiteFideId "21881979"]
[BlackFideId "1186191"]
[EventDate "2025.06.02"]

1. c4 c5 2. Nf3 Nf6 3. b3 g6 4. Bb2 Bg7 5. g3 b6 6. Bg2 Bb7 7. O-O O-O 8. d4
cxd4 9. Qxd4 d6 10. Qd2 Nbd7 11. Nc3 Rc8 12. Rad1 Qc7 13. Rfe1 Nc5 14. Nd4 Bxg2
15. Kxg2 Nfe4 16. Nxe4 Nxe4 17. Qc2 Qb7 18. f3 Nf6 19. Qd2 d5 20. cxd5 Nxd5 21.
e4 Nc7 22. Qe2 Rfd8 23. Rd2 Ne6 24. Nxe6 Rxd2 25. Qxd2 Bxb2 26. Qxb2 fxe6 27.
Rd1 Qc6 28. Qd4 Kf7 29. Rd2 Qc3 30. Qf2 Rc7 31. h4 h5 32. Qe2 Qa1 33. Qe3 Rc1
34. Re2 Rh1 35. Qf2 Qd1 36. Re3 Qc1 37. Re2 Qd1 38. Rd2 Rg1+ 39. Qxg1 Qxd2+ 40.
Qf2 Qd3 41. Qb2 1/2-1/2

[Event "TCh-POL Ekstraliga 2025"]
[Site "Chotowa POL"]
[Date "2025.06.06"]
[Round "5.1"]
[White "Tazbir, Marcin"]
[Black "Pultinevicius, Paulius"]
[Result "1/2-1/2"]
[WhiteTitle "GM"]
[BlackTitle "GM"]
[WhiteElo "2504"]
[BlackElo "2561"]
[WhiteTeam "LKS Wrzos Miedzyborow"]
[BlackTeam "KSz Hetman Plock"]
[WhiteFideId "1122452"]
[BlackFideId "12809390"]
[EventDate "2025.06.02"]

1. c4 c6 2. d4 d5 3. Nf3 Nf6 4. Nc3 e6 5. e3 Nbd7 6. Qc2 Bd6 7. Bd3 O-O 8. O-O
dxc4 9. Bxc4 a6 10. a4 c5 11. Rd1 Qc7 12. Qe2 b6 13. h3 Bb7 14. d5 exd5 15. Nxd5
Nxd5 16. Bxd5 Bxd5 17. Rxd5 Nf6 18. Rd1 Rfe8 19. b3 Ne4 20. Bb2 Bf8 21. Rd5 b5
22. axb5 Qb7 23. Rad1 axb5 24. Qc2 Ra2 25. Rd8 Rxd8 26. Rxd8 f6 27. Nd2 Ng5 28.
Qb1 Ra8 29. Rxa8 Qxa8 30. Qd3 Qc6 31. f4 Ne6 32. Kf2 Nc7 33. Qe4 Qd7 34. Ke2 Nd5
35. Qd3 Qe6 36. Kf3 Nb4 37. Qe4 Qd7 38. Ke2 Qf7 39. g4 Qd7 40. Bc3 Nd5 41. Bb2
Be7 42. Qd3 Qc6 43. Qe4 Bd8 44. Kf3 Ba5 45. Nb1 Bb4 46. Bc3 Kf7 47. Bxb4 cxb4
48. Nd2 Qc5 49. Qd4 Qxd4 50. exd4 Nc3 51. f5 Ke7 52. Ne4 Nxe4 53. Kxe4 Kd6 54.
h4 Kc6 55. g5 Kd6 56. gxf6 gxf6 57. h5 h6 58. Ke3 1/2-1/2

[Event "TCh-POL Ekstraliga 2025"]
[Site "Chotowa POL"]
[Date "2025.06.06"]
[Round "5.2"]
[White "Jarmula, Lukasz"]
[Black "Cyborowski, Lukasz"]
[Result "1/2-1/2"]
[WhiteTitle "GM"]
[BlackTitle "GM"]
[WhiteElo "2440"]
[BlackElo "2459"]
[WhiteTeam "KSz Hetman Plock"]
[BlackTeam "LKS Wrzos Miedzyborow"]
[WhiteFideId "1160664"]
[BlackFideId "1108760"]
[EventDate "2025.06.02"]

1. b3 d5 2. Bb2 Nf6 3. Nf3 Bf5 4. Nh4 Bc8 5. e3 e6 6. Nf3 Be7 7. g4 O-O 8. g5
Ne4 9. h4 c5 10. Nc3 Nd6 11. d4 c4 12. bxc4 Nxc4 13. Bxc4 dxc4 14. h5 b5 15. h6
g6 16. d5 Bb7 17. Qd4 f6 18. a3 Nd7 19. Qg4 Qb6 20. O-O-O f5 21. Qf4 Bd6 22. Qd4
Qxd4 23. Nxd4 a6 24. Nxe6 Rf7 25. e4 Nb6 26. Rhe1 b4 27. axb4 Bxb4 28. f3 fxe4
29. fxe4 Rf3 30. Nc7 Rd8 31. Ne6 Re8 32. Rf1 Rxc3 33. d6 Nd7 34. Nc7 Rxe4 35.
Bxc3 Bxc3 36. Nd5 Bxd5 37. Rxd5 Re5 38. Rxe5 Bxe5 39. Kb1 Nf8 40. Rd1 Nd7 41.
Rf1 1/2-1/2

[Event "TCh-POL Ekstraliga 2025"]
[Site "Chotowa POL"]
[Date "2025.06.06"]
[Round "5.3"]
[White "Antoniewski, Rafal"]
[Black "Kazakouski, Valery"]
[Result "1-0"]
[WhiteTitle "GM"]
[BlackTitle "GM"]
[WhiteElo "2441"]
[BlackElo "2585"]
[WhiteTeam "LKS Wrzos Miedzyborow"]
[BlackTeam "KSz Hetman Plock"]
[WhiteFideId "1111078"]
[BlackFideId "13507443"]
[EventDate "2025.06.02"]

1. d4 d5 2. c4 c6 3. cxd5 cxd5 4. Bf4 Nc6 5. e3 Nf6 6. Nc3 a6 7. Nf3 Bf5 8. Bd3
Bxd3 9. Qxd3 e6 10. O-O Be7 11. h3 O-O 12. Rfc1 Rc8 13. a3 Nd7 14. Rc2 Nb6 15.
e4 dxe4 16. Qxe4 Qd7 17. Ne5 Nxe5 18. dxe5 Rc4 19. Qf3 f5 20. Be3 Na8 21. Rd1
Qc6 22. Qxc6 Rxc6 23. Rd7 Rc7 24. Rxc7 Nxc7 25. Rd2 Rf7 26. Rd7 Bh4 27. Rd6 f4
28. Bb6 h6 29. Kf1 Re7 30. Ke2 Kf7 31. Kf3 Kg6 32. Ke4 h5 33. Ne2 Bg5 34. Nd4
Bh6 35. Bxc7 Rxc7 36. Nxe6 Rc1 37. Nd4+ Kh7 38. Rd7 Re1+ 39. Kd5 b5 40. e6 Kg6
41. Nf3 Rd1+ 42. Ke5 Rc1 43. Rd8 1-0

[Event "TCh-POL Ekstraliga 2025"]
[Site "Chotowa POL"]
[Date "2025.06.06"]
[Round "5.4"]
[White "Nguyen, Piotr"]
[Black "Nurkiewicz, Maciej"]
[Result "1/2-1/2"]
[WhiteTitle "IM"]
[WhiteElo "2394"]
[BlackElo "2327"]
[WhiteTeam "KSz Hetman Plock"]
[BlackTeam "LKS Wrzos Miedzyborow"]
[WhiteFideId "1127993"]
[BlackFideId "1107046"]
[EventDate "2025.06.02"]

1. d4 Nf6 2. Nf3 g6 3. g3 Bg7 4. Bg2 O-O 5. O-O d6 6. b3 c5 7. Bb2 Nc6 8. d5 Na5
9. c4 a6 10. Nbd2 b5 11. e4 Rb8 12. e5 Ng4 13. Re1 bxc4 14. exd6 exd6 15. Bxg7
Kxg7 16. Qc2 Kg8 17. Qc3 h6 18. bxc4 Nf6 19. h3 Re8 20. Bf1 Bd7 21. g4 Rb4 22.
Bd3 Rxe1+ 23. Rxe1 Ne8 24. Kg2 Nb7 25. Bc2 Kh7 26. Qe3 Kg7 27. a3 Rb6 28. Ne4 a5
29. Qc3+ Kg8 30. Kg3 Kh7 31. Qe3 Rb2 32. Re2 Nf6 33. Nc3 Rb6 34. g5 hxg5 35.
Nxg5+ Kg8 36. Qe7 Qxe7 37. Rxe7 Nd8 38. Re3 Kf8 39. Ba4 Bxa4 40. Nxa4 Rb8 41.
Nc3 Rb3 42. Nge4 Nxe4+ 43. Nxe4 Rxe3+ 44. fxe3 Ke7 45. Kf4 f6 46. Nd2 Nf7 47.
Nf3 a4 48. h4 1/2-1/2

[Event "TCh-POL Ekstraliga 2025"]
[Site "Chotowa POL"]
[Date "2025.06.06"]
[Round "5.6"]
[White "Rakhmangulova, Anastasiya"]
[Black "Kulon, Klaudia"]
[Result "0-1"]
[WhiteTitle "WGM"]
[BlackTitle "IM"]
[WhiteElo "2281"]
[BlackElo "2407"]
[WhiteTeam "KSz Hetman Plock"]
[BlackTeam "LKS Wrzos Miedzyborow"]
[WhiteFideId "14117479"]
[BlackFideId "1131044"]
[EventDate "2025.06.02"]

1. e4 e5 2. Nf3 Nf6 3. Nc3 Nc6 4. d4 exd4 5. Nxd4 Nxe4 6. Nxe4 Qe7 7. f3 d5 8.
Bb5 Bd7 9. Bxc6 bxc6 10. O-O dxe4 11. Re1 O-O-O 12. Rxe4 Qb4 13. Nb3 Qb7 14. Be3
Bf5 15. Rd4 Bd6 16. Qe2 Rhe8 17. c4 Be5 18. Rxd8+ Rxd8 19. Bf2 Bf6 20. Rd1 Rxd1+
21. Qxd1 Qa6 22. Nd4 Bd7 23. Qb3 Qa5 24. Nc2 Qd2 25. g4 Be6 26. Ne3 Qxb2 27.
Qxb2 Bxb2 28. Kf1 Be5 29. h4 Kb7 30. Ke2 Ka6 31. Kd3 Ka5 32. Ke4 Bd6 33. f4 Kb4
34. Be1+ Kc5 35. Bf2 Bxc4 36. Nf5+ Kb4 37. Nxd6 cxd6 38. a3+ Kxa3 39. Bxa7 c5
40. Bb8 d5+ 41. Ke5 d4 42. Ke4 Kb3 43. Bc7 Kc2 44. Ba5 Be2 0-1

[Event "TCh-POL Ekstraliga 2025"]
[Site "Chotowa POL"]
[Date "2025.06.06"]
[Round "5.1"]
[White "Volokitin, Andrei"]
[Black "Navara, David"]
[Result "1/2-1/2"]
[WhiteTitle "GM"]
[BlackTitle "GM"]
[WhiteElo "2626"]
[BlackElo "2657"]
[WhiteTeam "WIEZA PEGOW"]
[BlackTeam "KSz HETMAN Katowice"]
[WhiteFideId "14107090"]
[BlackFideId "309095"]
[EventDate "2025.06.02"]

1. e4 e5 2. Nf3 Nc6 3. Bb5 Nf6 4. O-O Nxe4 5. Re1 Nd6 6. Nxe5 Be7 7. Bf1 Nxe5 8.
Rxe5 O-O 9. d4 Bf6 10. Re1 Re8 11. Bf4 Rxe1 12. Qxe1 Ne8 13. c3 d5 14. Bd3 g6
15. Nd2 Ng7 16. Qe2 c6 17. Re1 Bf5 18. Bxf5 Nxf5 19. Nf3 Qd7 20. Ne5 Bxe5 21.
Qxe5 Ng7 22. Bh6 Nf5 23. Bf4 Ng7 24. Bh6 Nf5 25. Bf4 1/2-1/2

[Event "TCh-POL Ekstraliga 2025"]
[Site "Chotowa POL"]
[Date "2025.06.06"]
[Round "5.2"]
[White "Dardha, Daniel"]
[Black "Lagarde, Maxime"]
[Result "1/2-1/2"]
[WhiteTitle "GM"]
[BlackTitle "GM"]
[WhiteElo "2646"]
[BlackElo "2621"]
[WhiteTeam "KSz HETMAN Katowice"]
[BlackTeam "WIEZA PEGOW"]
[WhiteFideId "240990"]
[BlackFideId "662399"]
[EventDate "2025.06.02"]

1. e4 c5 2. Nc3 e6 3. Nf3 Nc6 4. d4 cxd4 5. Nxd4 Nf6 6. Ndb5 d6 7. Bf4 e5 8. Bg5
a6 9. Na3 b5 10. Bxf6 gxf6 11. Nd5 f5 12. g3 fxe4 13. Bg2 Be6 14. Bxe4 Rc8 15.
c3 Bg7 16. Nc2 O-O 17. O-O f5 18. Bg2 Kh8 19. a4 bxa4 20. Rxa4 a5 21. Nce3 Rb8
22. Rh4 Ne7 23. Qh5 h6 24. Qg5 Ng8 25. Qxd8 Rfxd8 26. Ra4 Rxb2 27. Rxa5 Rb7 28.
Rd1 Rf7 29. Bh3 h5 30. c4 Nh6 31. Ra6 Bf8 32. Rda1 Ng4 33. Ra7 Rdd7 34. Rxd7 1/2-1/2

[Event "TCh-POL Ekstraliga 2025"]
[Site "Chotowa POL"]
[Date "2025.06.06"]
[Round "5.3"]
[White "Onyshchuk, Volodymyr"]
[Black "Piorun, Kacper"]
[Result "1-0"]
[WhiteTitle "GM"]
[BlackTitle "GM"]
[WhiteElo "2602"]
[BlackElo "2579"]
[WhiteTeam "WIEZA PEGOW"]
[BlackTeam "KSz HETMAN Katowice"]
[WhiteFideId "14114038"]
[BlackFideId "1130420"]
[EventDate "2025.06.02"]

1. Nf3 d5 2. g3 Nd7 3. Bg2 e5 4. O-O Ngf6 5. d3 c6 6. Nc3 Qc7 7. Nh4 Nc5 8. a3
a5 9. e4 dxe4 10. Nxe4 Ncxe4 11. dxe4 Bg4 12. Qe1 Bc5 13. Bg5 a4 14. Nf5 Bxf5
15. exf5 Qe7 16. Qe2 h6 17. Bh4 O-O 18. Rae1 Rfe8 19. c3 e4 20. Bxf6 Qxf6 21.
Bxe4 Re5 22. Qc2 Rae8 23. Re2 b5 24. Kg2 Bf8 25. Rfe1 Qd6 26. h4 Qc5 27. Qd3 Bd6
28. Qf3 Bf8 29. Re3 Rd8 30. R1e2 Rd6 31. Rd3 Re8 32. Red2 Red8 33. Rxd6 Rxd6 34.
Rxd6 Qxd6 35. Bxc6 Qd2 36. Bd5 Bc5 37. f6 g6 38. h5 gxh5 39. Qf5 Qg5 40. Be4
Qxf5 41. Bxf5 Bb6 42. Bd3 Bd8 43. Bxb5 Bxf6 44. Bxa4 Kf8 45. Kh3 Bd8 46. Bd1 h4
47. gxh4 Bb6 48. Kg3 Ke7 49. a4 Kd6 50. h5 Bc7 51. Kf3 Ke5 52. Ke2 Bd8 53. b4
Kd5 1-0

[Event "TCh-POL Ekstraliga 2025"]
[Site "Chotowa POL"]
[Date "2025.06.06"]
[Round "5.4"]
[White "Klimkowski, Jan"]
[Black "Moranda, Wojciech"]
[Result "1/2-1/2"]
[WhiteTitle "GM"]
[BlackTitle "GM"]
[WhiteElo "2508"]
[BlackElo "2541"]
[WhiteTeam "KSz HETMAN Katowice"]
[BlackTeam "WIEZA PEGOW"]
[WhiteFideId "21856222"]
[BlackFideId "1122401"]
[EventDate "2025.06.02"]

1. d4 d5 2. c4 e6 3. Nc3 c5 4. cxd5 exd5 5. Nf3 Nf6 6. Bg5 Be6 7. e4 Be7 8. Bb5+
Nc6 9. Bxf6 Bxf6 10. exd5 Bxd5 11. Qe2+ Kf8 12. Bxc6 Bxc6 13. dxc5 Qa5 14. O-O
Bxc3 15. bxc3 Qxc5 16. Nd4 Re8 17. Qb2 Bd5 18. Rfd1 h5 19. Qb5 Qxb5 20. Nxb5 Bc6
21. Nxa7 Rh6 22. a4 Ra8 23. Nxc6 Rxc6 24. g3 Rxc3 25. Rd7 b6 26. Rb7 Rc6 27. h4 1/2-1/2

[Event "TCh-POL Ekstraliga 2025"]
[Site "Chotowa POL"]
[Date "2025.06.06"]
[Round "5.6"]
[White "Socko, Monika"]
[Black "Maltsevskaya, Aleksandra"]
[Result "1-0"]
[WhiteTitle "GM"]
[BlackTitle "IM"]
[WhiteElo "2369"]
[BlackElo "2403"]
[WhiteTeam "KSz HETMAN Katowice"]
[BlackTeam "WIEZA PEGOW"]
[WhiteFideId "1106619"]
[BlackFideId "24174041"]
[EventDate "2025.06.02"]

1. e4 c5 2. Nf3 e6 3. d4 cxd4 4. Nxd4 Nc6 5. Nc3 a6 6. Nxc6 bxc6 7. Bd3 d5 8.
O-O Nf6 9. Re1 Be7 10. e5 Nd7 11. Qg4 g6 12. Bh6 Rb8 13. Nd1 Rb4 14. c4 Nc5 15.
Bf1 a5 16. Qh3 Ne4 17. a3 Rb8 18. Bg7 Ng5 19. Qh6 Bf8 20. Nc3 Bxg7 21. Qxg7 Rf8
22. h4 Ne4 23. Rxe4 dxe4 24. Rd1 Qxh4 25. g3 Qg4 26. Rd4 c5 27. Rd8+ Kxd8 28.
Qxf8+ Kc7 29. Qd6+ Kb7 30. Bg2 Ka8 31. Bxe4+ Bb7 32. Qa6# 1-0

[Event "TCh-POL Ekstraliga 2025"]
[Site "Chotowa POL"]
[Date "2025.06.06"]
[Round "5.1"]
[White "Maurizzi, Marc'Andria"]
[Black "Bluebaum, Matthias"]
[Result "1/2-1/2"]
[WhiteTitle "GM"]
[BlackTitle "GM"]
[WhiteElo "2607"]
[BlackElo "2663"]
[WhiteTeam "SzSON ZAGLEBIE Dabrowa Gornicza"]
[BlackTeam "KSz Silesia Raciborz"]
[WhiteFideId "36083534"]
[BlackFideId "24651516"]
[EventDate "2025.06.02"]

1. d4 d5 2. c4 e6 3. Nf3 Nf6 4. g3 Bb4+ 5. Nbd2 a5 6. Bg2 a4 7. O-O Nc6 8. Qc2
O-O 9. a3 Be7 10. Rd1 Bd7 11. e4 dxe4 12. Nxe4 Nxe4 13. Qxe4 Na5 14. Qe2 1/2-1/2

[Event "TCh-POL Ekstraliga 2025"]
[Site "Chotowa POL"]
[Date "2025.06.06"]
[Round "5.2"]
[White "Kozak, Adam"]
[Black "Boyer, Mahel"]
[Result "1/2-1/2"]
[WhiteTitle "GM"]
[BlackTitle "GM"]
[WhiteElo "2587"]
[BlackElo "2523"]
[WhiteTeam "KSz Silesia Raciborz"]
[BlackTeam "SzSON ZAGLEBIE Dabrowa Gornicza"]
[WhiteFideId "753246"]
[BlackFideId "45102422"]
[EventDate "2025.06.02"]

1. d4 Nf6 2. c4 g6 3. Nc3 Bg7 4. e4 d6 5. Nf3 O-O 6. Be2 e5 7. O-O b6 8. Bg5 h6
9. Be3 Nc6 10. dxe5 dxe5 11. h3 Bb7 12. Rc1 Re8 13. c5 Nd4 14. Nxd4 exd4 15.
Bxd4 Nxe4 16. Bxg7 1/2-1/2

[Event "TCh-POL Ekstraliga 2025"]
[Site "Chotowa POL"]
[Date "2025.06.06"]
[Round "5.4"]
[White "Szpar, Milosz"]
[Black "Olsen, Filip Boe"]
[Result "1/2-1/2"]
[WhiteTitle "IM"]
[BlackTitle "IM"]
[WhiteElo "2495"]
[BlackElo "2449"]
[WhiteTeam "KSz Silesia Raciborz"]
[BlackTeam "SzSON ZAGLEBIE Dabrowa Gornicza"]
[WhiteFideId "1184989"]
[BlackFideId "1440640"]
[EventDate "2025.06.02"]

1. e4 e5 2. Nf3 Nf6 3. d4 Nxe4 4. Bd3 d5 5. Nxe5 Nd7 6. Nxd7 Bxd7 7. O-O Bd6 8.
Qh5 Qf6 9. Nc3 Qxd4 10. Be3 Qe5 11. Qxe5+ Bxe5 12. Nxd5 Nf6 13. Rae1 Nxd5 14.
Bd4 O-O-O 15. Bxe5 Nb4 16. Bc4 Nxc2 17. Re2 f6 18. Bc3 Bf5 19. g4 Bg6 20. f4 Nd4
21. Re7 b5 22. Bxd4 bxc4 23. Bxa7 Rhe8 24. Rfe1 Rxe7 25. Rxe7 f5 26. gxf5 Bxf5
27. Be3 Rd7 28. Re5 g6 29. a4 Rd3 30. a5 Kb7 31. Kf2 c3 32. bxc3 Rxc3 33. Rc5
Rxc5 34. Bxc5 1/2-1/2

[Event "TCh-POL Ekstraliga 2025"]
[Site "Chotowa POL"]
[Date "2025.06.06"]
[Round "5.5"]
[White "Poltorak, Sebastian"]
[Black "Berkes, Ferenc"]
[Result "0-1"]
[WhiteTitle "FM"]
[BlackTitle "GM"]
[WhiteElo "2410"]
[BlackElo "2613"]
[WhiteTeam "SzSON ZAGLEBIE Dabrowa Gornicza"]
[BlackTeam "KSz Silesia Raciborz"]
[WhiteFideId "1199498"]
[BlackFideId "718572"]
[EventDate "2025.06.02"]

1. e4 c6 2. Nc3 d5 3. Nf3 Bg4 4. h3 Bxf3 5. Qxf3 e6 6. Be2 Nf6 7. O-O Be7 8. d3
O-O 9. Qg3 Kh8 10. f4 c5 11. e5 Nfd7 12. Bg4 Nc6 13. Bd2 Nd4 14. Rac1 f5 15.
exf6 Nxf6 16. Ne2 Nf5 17. Qf3 b5 18. Rce1 Qd7 19. c3 Rae8 20. Kh1 Bd6 21. b4 c4
22. Nd4 Nxd4 23. cxd4 Qf7 24. Qe2 Qg6 25. Bf3 cxd3 26. Qf2 Re7 27. Rc1 Rc7 28.
Rxc7 Bxc7 29. Rc1 Bb6 30. Qe3 Ne4 31. Kg1 Bxd4 32. Qxd4 Nxd2 33. Kf2 h6 34. Rc7
Nxf3 35. gxf3 a6 36. a3 h5 37. Rc1 Qf5 38. Rc7 Rf6 39. Ke3 h4 40. Ra7 Qxf4+ 41.
Qxf4 Rxf4 42. Rxa6 e5 43. Kxd3 Rxf3+ 44. Ke2 Rxh3 0-1

[Event "TCh-POL Ekstraliga 2025"]
[Site "Chotowa POL"]
[Date "2025.06.06"]
[Round "5.6"]
[White "Narva, Mai"]
[Black "Kubicka, Anna"]
[Result "1-0"]
[WhiteTitle "IM"]
[BlackTitle "WIM"]
[WhiteElo "2391"]
[BlackElo "2227"]
[WhiteTeam "KSz Silesia Raciborz"]
[BlackTeam "SzSON ZAGLEBIE Dabrowa Gornicza"]
[WhiteFideId "4500512"]
[BlackFideId "1152254"]
[EventDate "2025.06.02"]

1. d4 Nf6 2. Nf3 e6 3. Bf4 d5 4. e3 Bb4+ 5. c3 Be7 6. Bd3 Nbd7 7. Nbd2 Nh5 8.
Bg3 c5 9. e4 Nxg3 10. hxg3 cxd4 11. Nxd4 Nc5 12. Bb5+ Bd7 13. Qe2 a6 14. Bxd7+
Qxd7 15. e5 Na4 16. N2f3 b5 17. O-O O-O 18. g4 Nc5 19. Rad1 Ne4 20. Nd2 Nxd2 21.
Rxd2 Rae8 22. Nf3 f5 23. exf6 Bxf6 24. g5 Bd8 25. Ne5 Qc7 26. f4 Qa7+ 27. Kh2
Bc7 28. g3 Bxe5 29. Qxe5 Rf5 30. Qd6 Qe3 31. Rff2 Qa7 32. Rde2 h6 33. g4 Rff8
34. gxh6 gxh6 35. Kg3 Rf6 36. f5 Qe7 37. Qe5 Qg7 38. Qd4 h5 39. fxe6 Rxf2 40.
Rxf2 Qxd4 41. cxd4 Rxe6 42. gxh5 Re4 43. Rf6 a5 44. Rb6 b4 45. Rb5 Rxd4 46. b3
a4 47. bxa4 Rd2 48. Rxb4 Rxa2 49. Kf4 Rh2 50. Kg5 Rc2 51. Rd4 Rg2+ 52. Kf6 Ra2
53. Ke6 Kf8 54. Kd6 Ke8 55. Rh4 Kf7 56. h6 Kg8 57. h7+ Kh8 58. Kxd5 Rc2 59. Kd6
Rc1 60. a5 Rc2 61. Ra4 Rd2+ 62. Kc5 Rc2+ 63. Kb5 Rb2+ 64. Rb4 Ra2 65. a6 Kxh7
66. Kb6 Re2 67. a7 Re6+ 68. Kb7 Re7+ 69. Ka6 Re8 70. Rb7+ Kg6 71. Rb8 Re6+ 72.
Rb6 1-0

[Event "TCh-POL Ekstraliga 2025"]
[Site "Chotowa POL"]
[Date "2025.06.06"]
[Round "5.1"]
[White "Samunenkov, Ihor"]
[Black "Svane, Frederik"]
[Result "1/2-1/2"]
[WhiteTitle "GM"]
[BlackTitle "GM"]
[WhiteElo "2562"]
[BlackElo "2667"]
[WhiteTeam "KSz Stilon Gorzow Wlkp."]
[BlackTeam "Akademia Szachowa Gliwice"]
[WhiteFideId "14187086"]
[BlackFideId "12923044"]
[EventDate "2025.06.02"]

1. d4 e6 2. c4 Nf6 3. g3 Bb4+ 4. Nd2 O-O 5. Bg2 d5 6. Nf3 b6 7. O-O Bb7 8. b3 a5
9. Bb2 a4 10. bxa4 Qd7 11. cxd5 exd5 12. Qc2 Bd6 13. Ne5 Qxa4 14. Rfc1 Re8 15.
Ndc4 Qxc2 16. Rxc2 Bf8 17. Ne3 c6 18. a4 Nfd7 19. Nd3 Nf6 20. Bc3 Nbd7 21. Bh3
Ra7 22. a5 Rea8 23. Rb1 bxa5 24. Bxa5 Ba6 25. Be1 Bb5 26. Bf1 Ra1 27. Rcc1 Rxb1
28. Rxb1 Bxd3 1/2-1/2

[Event "TCh-POL Ekstraliga 2025"]
[Site "Chotowa POL"]
[Date "2025.06.06"]
[Round "5.2"]
[White "Svane, Rasmus"]
[Black "Janik, Igor"]
[Result "1/2-1/2"]
[WhiteTitle "GM"]
[BlackTitle "GM"]
[WhiteElo "2626"]
[BlackElo "2520"]
[WhiteTeam "Akademia Szachowa Gliwice"]
[BlackTeam "KSz Stilon Gorzow Wlkp."]
[WhiteFideId "4657101"]
[BlackFideId "1159259"]
[EventDate "2025.06.02"]

1. e4 c6 2. d4 d5 3. Nc3 dxe4 4. Nxe4 Bf5 5. Ng3 Bg6 6. h4 h6 7. Nf3 e6 8. Ne5
Bh7 9. Bd3 Bxd3 10. Qxd3 Nd7 11. Qe2 Ngf6 12. Bd2 c5 13. Nxd7 Qxd7 14. dxc5 Bxc5
15. O-O-O Qa4 16. Bc3 Be7 17. Rd4 Qc6 18. Rc4 Qa6 19. a3 O-O 20. Re1 Rac8 21.
Bxf6 Bxf6 22. Rxc8 Rxc8 23. Qxa6 bxa6 24. Re4 Bd8 25. c3 Bb6 26. f3 Rc6 27. Nf1
f5 28. Ra4 e5 29. Kd1 Rg6 1/2-1/2

[Event "TCh-POL Ekstraliga 2025"]
[Site "Chotowa POL"]
[Date "2025.06.06"]
[Round "5.3"]
[White "Krasenkow, Michal"]
[Black "Warakomski, Tomasz"]
[Result "1/2-1/2"]
[WhiteTitle "GM"]
[BlackTitle "GM"]
[WhiteElo "2520"]
[BlackElo "2545"]
[WhiteTeam "KSz Stilon Gorzow Wlkp."]
[BlackTeam "Akademia Szachowa Gliwice"]
[WhiteFideId "1113100"]
[BlackFideId "1124552"]
[EventDate "2025.06.02"]

1. Nf3 d5 2. d4 Nf6 3. c4 e6 4. Nc3 Bb4 5. e3 O-O 6. Bd2 b6 7. a3 Be7 8. b4 c5
9. bxc5 bxc5 10. dxc5 Ba6 11. cxd5 1/2-1/2

[Event "TCh-POL Ekstraliga 2025"]
[Site "Chotowa POL"]
[Date "2025.06.06"]
[Round "5.4"]
[White "Kantans, Toms"]
[Black "Dzida, Kamil"]
[Result "1-0"]
[WhiteTitle "GM"]
[BlackTitle "IM"]
[WhiteElo "2528"]
[BlackElo "2411"]
[WhiteTeam "Akademia Szachowa Gliwice"]
[BlackTeam "KSz Stilon Gorzow Wlkp."]
[WhiteFideId "11602945"]
[BlackFideId "21828652"]
[EventDate "2025.06.02"]

1. e4 e5 2. Bc4 Nf6 3. Nc3 Nc6 4. d3 Na5 5. Bb3 Nxb3 6. axb3 d5 7. exd5 Nxd5 8.
Qh5 Nxc3 9. Qxe5+ Be7 10. bxc3 O-O 11. Ne2 Re8 12. Be3 Bd6 13. Qg5 f6 14. Qh4 g5
15. Qh5 Re5 16. Bd4 Rf5 17. Ng3 Rf4 18. Ne4 Qf8 19. h3 c5 20. Be3 Rh4 21. Qf3
Be7 22. Nxc5 Qf7 23. Kd2 Bxc5 24. Bxc5 Rf4 25. Qe3 Bd7 26. Rxa7 Re8 27. Qg3 Bc6
28. b4 h5 29. f3 h4 30. Qf2 Rf5 31. Re1 Rxe1 32. Qxe1 Re5 33. Qf2 Qe8 34. c4 b5
35. cxb5 Bxb5 36. Bd4 Re6 37. f4 1-0

[Event "TCh-POL Ekstraliga 2025"]
[Site "Chotowa POL"]
[Date "2025.06.06"]
[Round "5.5"]
[White "Koziorowicz, Michal"]
[Black "Klekowski, Maciej"]
[Result "1/2-1/2"]
[WhiteTitle "FM"]
[BlackTitle "GM"]
[WhiteElo "2294"]
[BlackElo "2474"]
[WhiteTeam "KSz Stilon Gorzow Wlkp."]
[BlackTeam "Akademia Szachowa Gliwice"]
[WhiteFideId "21809194"]
[BlackFideId "1132717"]
[EventDate "2025.06.02"]

1. e4 c5 2. Nf3 Nc6 3. Bb5 e6 4. O-O Nge7 5. Re1 a6 6. Bf1 b6 7. c3 d5 8. exd5
Nxd5 9. d4 cxd4 10. Nxd4 Bb7 11. Nxc6 Bxc6 12. c4 Nf6 13. Qxd8+ Rxd8 14. Be3 Bc5
15. Bxc5 bxc5 16. Nc3 Rd2 17. Re2 Rxe2 18. Bxe2 Ke7 19. Rd1 Rb8 20. Rd2 Ne4 21.
Nxe4 Bxe4 22. Bd1 Rb6 23. f3 Bb1 24. a3 g5 25. g3 f5 26. f4 gxf4 27. gxf4 e5 28.
fxe5 Ke6 29. b4 Kxe5 30. bxc5 Rg6+ 31. Kf2 Rh6 32. Kf1 Be4 33. Bc2 Bxc2 34. Rxc2
Rc6 35. Re2+ Kf4 36. Rf2+ Ke4 37. Re2+ Kd4 38. Rd2+ Kxc4 39. Rd6 Kxc5 40. Rd7
Rh6 41. Kg2 Kc4 42. Rb7 Kd5 43. Kg3 Ke5 44. Re7+ Kf6 45. Ra7 Ke5 46. Re7+ Re6
47. Rxh7 Rc6 48. Re7+ Kf6 49. Re8 Rc3+ 50. Kf4 Rc4+ 51. Kf3 Ra4 52. Rf8+ Kg6 53.
Rg8+ Kf7 54. Rb8 Ke6 55. Re8+ Kd7 56. Rh8 a5 57. Rh6 Kc7 58. Rf6 Rxa3+ 59. Ke2
Ra2+ 60. Ke3 Ra3+ 61. Ke2 Rc3 62. Rxf5 Kb6 63. Kd2 Rc7 64. Rf1 a4 65. Rc1 Rh7
66. Kc2 Rxh2+ 1/2-1/2